Economic Reforms in Socialist Countries Poland and Hungary

Na minha lista:
Detalhes bibliográficos
Formato: Livro
Idioma:inglês
Publicado em: Lódz Uniwersytet 1986
Edição:1. ed.
Colecção:Acta Universitatis Lodziensis 59
Tags: Adicionar Tag
Sem tags, seja o primeiro a adicionar uma tag!

MARC

LEADER 00000nam a2200000 4500
001 c028982
005 20221220071355.1
041 0 |a eng 
044 |a PL 
245 1 0 |a Economic Reforms in Socialist Countries Poland and Hungary 
250 |a 1. ed. 
264 1 |a Lódz  |b Uniwersytet  |c 1986 
300 |a 216 s. 
490 1 |a Acta Universitatis Lodziensis  |v 59 
830 0 |a Acta Universitatis Lodziensis  |v 59